01438nam a2200373 a 4500001001200000003000800012006001900020007001500039008004100054020001500095040002100110035002100131050002400152082001400176245011900190260003800309300003100347490004900378504005100427533015200478650002400630650002800654650002900682650003000711650002800741650003000769655002900799700001700828700002100845710001700866830003800883856012600921999001701047ebr10090472CaPaEBRm u cr cn|||||||||021212s2003 ne ab sb 001 0 eng  z9004125671 aCaPaEBRcCaPaEBR a(OCoLC)16633503214aCC72.4b.T46 2003eb04a930.122100aTheory and practice in late antique archaeologyh[electronic resource] /cedited by Luke Lavan and William Bowden. aLeiden ;aBoston :bBrill,c2003. axvi, 428 p. :bill., maps.1 aLate antique archaeology,x1570-6893 ;vv. 1 aIncludes bibliographical references and index. aElectronic reproduction.bPalo Alto, Calif. :cebrary,d2013.nAvailable via World Wide Web.nAccess may be limited to ebrary affiliated libraries. 0aSocial archaeology. 0aCivilization, Medieval. 0aArchaeologyxPhilosophy. 0aArchaeologyxMethodology. 0aArchaeologyxFieldwork. 0aExcavations (Archaeology) 7aElectronic books.2local1 aLavan, Luke.1 aBowden, William.2 aebrary, Inc. 0aLate antique archaeology ;vv. 1.40uhttp://site.ebrary.com/lib/rucke/Doc?id=10090472zAn electronic book accessible through the World Wide Web; click to view c52150d52150